000 00305nam a2200121Ia 4500
005 20251222154406.0
008 251222s9999||||xx |||||||||||||| ||spa||
020 _a84-320-9091-3
082 _a828.993.6/H15M/1987
100 _a"Haggard, Henry Rider"
245 0 _aLas minas del rey Salomón
942 _cLIB
999 _c35489
_d35489